00375nam a2200133Ia 4500008004100000041000800041082001500049100003900064245003700103250000800140260006400148300000800212999002100220231228s2009 xx 000 0 und d aeng a338.7bNEL aNELLIS (Jospeh G.)/ PARKER (David) aPrinciples of Business Economics a2nd aNew DelhibPearson Education Delhi, Harlow, Singaporec2009 a447 c1063745d1063745